Realizacija obščenarodnych interesov
Gespeichert in:
| 1. Verfasser: | |
|---|---|
| Weitere Verfasser: | |
| Format: | Buch |
| Sprache: | Russisch |
| Veröffentlicht: |
Moskva
Ekonomika
1985
|
| Ausgabe: | 1. izd. |
| Tags: |
Keine Tags, Fügen Sie das erste Tag hinzu!
|
MARC
| LEADER | 00000nam a2200000 4500 | ||
|---|---|---|---|
| 001 | c024646 | ||
| 005 | 20221220082212.6 | ||
| 041 | 0 | |a rus | |
| 044 | |a CS | ||
| 245 | 1 | 0 | |a Realizacija obščenarodnych interesov |c Aleksandr Vladimirovič Buzgalin, Andrej Ivanovič Kolganov |
| 250 | |a 1. izd. | ||
| 264 | 1 | |a Moskva |b Ekonomika |c 1985 | |
| 300 | |a 102 s. | ||
| 100 | 1 | |a Buzgalin, Aleksandr Vladimirovič | |
| 700 | 1 | |a Kolganov, Andrej Ivanovič | |